[Event "Biel Credis"]
[Site "Biel"]
[Date "1996.??.??"]
[Round "11"]
[White "Peptan, Corina"]
[Black "Gallagher, Joseph G"]
[Result "1/2-1/2"]
[WhiteElo "2395"]
[BlackElo "2530"]

1.e4 c5 2.Nc3 Nc6 3.Nge2 g6 4.d4 cxd4 5.Nxd4 Bg7 6.Be3 Nf6 7.Bc4 O-O 8.Bb3 d6
9.h3 Bd7 10.O-O Rc8 11.Re1  1/2-1/2

[Event "SLO-chT"]
[Site "Bled"]
[Date "1996.??.??"]
[Round "2"]
[White "Mihelic, S."]
[Black "Krmelj, Natasa"]
[Result "1-0"]
[WhiteElo "1700"]
[BlackElo "2070"]

1.e4 c5 2.Nc3 Nc6 3.Nf3 d6 4.d4 cxd4 5.Nxd4 Bd7 6.Be3 g6 7.Bb5 Bg7 8.Nce2 Nf6
9.Nxc6 bxc6 10.Bd3 c5 11.c3 Ng4 12.Bf4 O-O 13.Bg3 Rb8 14.Qc2 Qc7 15.Nf4 e6
16.Be2 Ne5 17.O-O Rb6 18.b3 Rfb8 19.Rab1 a5 20.Rfd1 c4 21.Nh3 cxb3 22.axb3 a4
23.b4 Rc8 24.f4 Nc4 25.Qc1 Rc6 26.b5 Rc5 27.Rb4 Bxb5 28.Bf2 Ne3 29.Bxe3 Rxc3
30.Rxb5 Rxc1 31.Rxc1 Qd7 32.Rcb1 a3 33.Ra5 Bb2 34.Ra7 Qc6  1-0

[Event "SLO-chT"]
[Site "Bled"]
[Date "1996.??.??"]
[Round "3"]
[White "Mohr, Georg"]
[Black "Drinovec, Ales"]
[Result "1-0"]
[WhiteElo "2510"]
[BlackElo "2225"]

1.e4 c5 2.Nf3 Nc6 3.Nc3 Nf6 4.d4 cxd4 5.Nxd4 e5 6.Ndb5 d6 7.Bg5 a6 8.Na3 Be6
9.Nc4 Rc8 10.Bxf6 gxf6 11.Ne3 Bh6 12.Ncd5 Bxe3 13.fxe3 f5 14.Bd3 Bxd5 15.exd5 Qa5+
16.c3 Qxd5 17.O-O e4 18.Bc2 Qe5 19.Qh5 Ne7 20.Bb3 Qg7 21.Rad1 Rd8 22.Rd2 Qg6
23.Qh4 h5 24.Rfd1 Rg8 25.g3 Qh6 26.Re1 Rg4 27.Qh3 Nc6 28.Bd1 Ne5 29.Rf2 Qg6
30.Ref1 Qg5 31.Rxf5 Qxe3+ 32.Kh1 Rg7 33.Qxh5 Ke7 34.Bb3 Kd7 35.Rxe5 dxe5
36.Rd1+ Kc6 37.Rxd8  1-0

[Event "Bled op"]
[Site "Bled"]
[Date "1996.??.??"]
[Round "4"]
[White "Ilijin, Neboisa"]
[Black "Licina, Anita"]
[Result "1-0"]
[WhiteElo "2315"]
[BlackElo "2165"]

1.e4 c5 2.Nf3 Nc6 3.Nc3 Nf6 4.d4 cxd4 5.Nxd4 d6 6.f4 e5 7.Nf3 Be7 8.Bc4 O-O
9.O-O exf4 10.Bb3 Ng4 11.Nd5 Ne3 12.Nxe3 fxe3 13.Bxe3 Bf6 14.c3 Be6 15.Bxe6 fxe6
16.Qb3 Qe7 17.Rad1 Kh8 18.Bf4 Rad8 19.Bg3 Rd7 20.Rd3 Rfd8 21.Rfd1 Ne5 22.Bxe5 Bxe5
23.Qa3 Bf6 24.e5 dxe5 25.Rxd7 Rxd7 26.Rxd7  1-0

[Event "Bled op"]
[Site "Bled"]
[Date "1996.??.??"]
[Round "6"]
[White "Kierzek, Matthias"]
[Black "Licina, Anita"]
[Result "1/2-1/2"]
[WhiteElo "2095"]
[BlackElo "2165"]

1.e4 c5 2.Nf3 Nc6 3.Nc3 Nf6 4.Bb5 g6 5.e5 Ng4 6.Bxc6 dxc6 7.h3 Nh6 8.O-O Nf5
9.d3 Bg7 10.Re1 O-O 11.Ne4 b6 12.Bf4 Nd4 13.c3 Ne6 14.Bg3 h6 15.d4 cxd4 16.cxd4 Bb7
17.Nc3 Qd7 18.Qd3 Rfd8 19.Red1 a5 20.Qe3 b5 21.Ne2 Qd5 22.b3 b4 23.Nf4 Nxf4
24.Bxf4 g5 25.Bg3 f5 26.exf6 exf6 27.Qe7 Rd7 28.Qe3 Bf8 29.Rd2 Kg7 30.Rc2 Qf7
31.Re2 Rad8 32.Qc1 Re7 33.Rxe7 Bxe7 34.Bc7 Rd5 35.Qe3 Bf8 36.Bb6 Bc8 37.Nd2 Rb5
38.Nc4 Bf5 39.Bxa5 Qa7 40.Bd8 Qd7 41.Bb6 Qd5 42.Qe8 Bg6 43.Qe2 Bf7 44.Bc7 Qxd4
45.Rd1 Qa7 46.Bd6  1/2-1/2

[Event "POL-ch (Women)"]
[Site "Brzeg Dolny"]
[Date "1996.??.??"]
[Round "5"]
[White "Blimke, Dalia"]
[Black "Romaszko, Sylwia"]
[Result "1/2-1/2"]
[WhiteElo "2150"]
[BlackElo "2050"]

1.e4 c5 2.Nc3 Nc6 3.Nf3 e5 4.Bc4 d6 5.d3 Be7 6.Nd2 Bg5 7.h4 Bh6 8.Nf1 Bxc1
9.Qxc1 Be6 10.Nd5 Bxd5 11.Bxd5 Nge7 12.Ne3 Nxd5 13.Nxd5 O-O 14.g4 Ne7 15.Nxe7+ Qxe7
16.c4 a6  1/2-1/2

[Event "POL-ch (Women)"]
[Site "Brzeg Dolny"]
[Date "1996.??.??"]
[Round "8"]
[White "Blimke, Dalia"]
[Black "Aksiuczyc, Monika"]
[Result "0-1"]
[WhiteElo "2150"]
[BlackElo "2120"]

1.e4 c5 2.Nc3 Nc6 3.Nf3 Nf6 4.Bb5 Nd4 5.Bd3 d6 6.Nxd4 cxd4 7.Ne2 e5 8.c3 d5
9.cxd4 dxe4 10.Bb5+ Bd7 11.Bxd7+ Qxd7 12.dxe5 Ng4 13.Qc2 Qd3 14.Qc3 Qxc3
15.dxc3 Nxe5 16.O-O f5 17.Nd4 g6 18.Bg5 Kf7 19.f3 exf3 20.Nxf3 Bc5+ 21.Kh1 Ng4
22.Bh4 h6 23.Nd4 Bxd4 24.cxd4 Rhe8 25.h3 Ne3 26.Rfe1 Nc2 27.Rxe8 Rxe8 28.Rd1 Re2
29.Kg1 Rxg2+ 30.Kxg2 Ne3+ 31.Kf3 Nxd1 32.b3 Nc3 33.a4 Ke6 34.Be1 Ne4 35.b4 Ng5+
36.Kg3 Kd5 37.b5 Ne4+ 38.Kf4 Kxd4 39.h4 Nc5 40.Bd2 Nxa4 41.Be3+ Kd5 42.Bxa7 Nc5  0-1

[Event "Schneider mem op "]
[Site "Budapest"]
[Date "1996.??.??"]
[Round "?"]
[White "Tornai, Imre"]
[Black "Kocsis, Gyorgy"]
[Result "0-1"]
[WhiteElo "2205"]
[BlackElo "2250"]

1.e4 c5 2.Nf3 Nc6 3.Nc3 g6 4.d4 cxd4 5.Nxd4 Bg7 6.Be3 Nf6 7.Bc4 O-O 8.O-O d6
9.h3 Bd7 10.Bb3 Na5 11.Qd3 a6 12.f4 Nxb3 13.axb3 Qc7 14.Rf2 Rfd8 15.Nd5 Nxd5
16.exd5 e6 17.dxe6 fxe6 18.c3 e5 19.Nf3 Qc6 20.Qd2 Bf5 21.Rd1 Rd7 22.c4 Rad8
23.Qa5 Re8 24.fxe5 dxe5 25.Rxd7 Bxd7 26.Qd2 Bf5 27.Qd1 Qe4 28.Qd2 Bf6 29.Ng5 Qc6
30.Qd1 h6 31.Nf3 Kh7 32.Ne1 Qe4 33.Qc1 Bg7 34.Qd2 Bf6 35.Qc1 Bg7 36.Rf3 Rd8
37.Bb6 Rd6 38.Bc5 Rd7 39.Bf2 Qe2 40.Re3 Qd2 41.Qa1 e4 42.Kf1 Bd4 43.Re2 Qf4
44.Nc2 e3 45.Nxe3 Bd3 46.Qc1 Rf7  0-1

[Event "Schneider mem op "]
[Site "Budapest"]
[Date "1996.??.??"]
[Round "?"]
[White "Tornai, Imre"]
[Black "Racz, Zoltan"]
[Result "1-0"]
[WhiteElo "2205"]
[BlackElo "2210"]

1.e4 c5 2.Nf3 Nc6 3.Nc3 d6 4.d4 cxd4 5.Nxd4 Nf6 6.g3 g6 7.Bg2 Bd7 8.b3 Nxd4
9.Qxd4 Bg7 10.Bb2 O-O 11.O-O-O Ng4 12.Qd2 Rc8 13.Nd5 Bxb2+ 14.Kxb2 e6 15.Nf4 Qf6+
16.Kb1 Rc7 17.h3 Ne5 18.Qxd6 Rc6 19.Qd4 Rc7 20.Nd3 Ng4 21.e5  1-0

[Event "Schneider mem op "]
[Site "Budapest"]
[Date "1996.??.??"]
[Round "?"]
[White "Pavlin, Vladimir"]
[Black "Nagy, Mihaly"]
[Result "1-0"]
[WhiteElo "2330"]
[BlackElo "2095"]

1.e4 c5 2.Nc3 Nc6 3.Nf3 e6 4.g3 d5 5.Bg2 Nf6 6.exd5 exd5 7.O-O Be7 8.d4 O-O
9.h3 Bf5 10.Be3 Be4 11.dxc5 Bxf3 12.Qxf3 d4 13.Rfd1 Bxc5 14.Bg5 Be7 15.Ne2 Qa5
16.Bd2 Qb5 17.b3 Ne5 18.Qf4 d3 19.Nd4 Qc5 20.b4 Qd6 21.Re1 Nc4 22.Nf5  1-0

[Event "Budapest FS11 GM"]
[Site "Budapest"]
[Date "1996.??.??"]
[Round "1"]
[White "Pribyl, Martin"]
[Black "Cao Sang"]
[Result "1/2-1/2"]
[WhiteElo "2320"]
[BlackElo "2445"]

1.Nf3 c5 2.e4 Nc6 3.Nc3 g6 4.Bb5 Bg7 5.Bxc6 dxc6 6.d3 Nf6 7.h3 b6 8.Be3 O-O
9.Qd2 Re8 10.O-O e5 11.a4 a5 12.Nh2 Nh5 13.Ng4 Qc7 14.Bh6 Bh8 15.Qg5 Be6
16.Ne2 Qd8 17.Qe3 Qd7 18.Qg5 Qe7 19.Qe3 Qd6 20.b3 Ra7 21.Rae1 Bc8 22.Qg5 Qe7
23.Qxe7 Raxe7 24.Ne3 Be6 25.g4 Nf6 26.Nc4 Nd7 27.Bg5 f6 28.Bd2 h5 29.f3 Rh7
30.Kg2 Rf8 31.g5 f5 32.h4 fxe4 33.fxe4 Rhf7 34.Ng3 Bg7 35.Rxf7 Rxf7 36.Rf1 Rxf1
37.Nxf1 Kf7 38.Nfe3 Ke7 39.Bc3 Bf7 40.Kg3 Ke6 41.Nd2 Bf8 42.Nec4 Bd6 43.Nxd6 Kxd6
44.Kf2 Be6 45.Ke3 Bf7  1/2-1/2

[Event "Spring op"]
[Site "Budapest"]
[Date "1996.??.??"]
[Round "2"]
[White "Frolov, Denis"]
[Black "Horkai, Andras"]
[Result "1-0"]
[WhiteElo "2340"]
[BlackElo "2200"]

1.e4 c5 2.Nf3 Nc6 3.Nc3 g6 4.d4 cxd4 5.Nxd4 Bg7 6.Be3 d6 7.Qd2 Nf6 8.f3 Bd7
9.Bc4 Rc8 10.Bb3 O-O 11.h4 h5 12.O-O-O Na5 13.Bh6 Nxb3+ 14.axb3 a5 15.g4 Rc5
16.Rdg1 b5 17.Nf5 Bh8 18.gxh5 Nxh5 19.Rg5 Kh7 20.Rhg1 Rg8 21.Rxh5 Rxf5 22.exf5 gxf5
23.Rhg5 Bf6 24.Rh5 Rxg1+ 25.Nd1 Kg8 26.Bg5 Bg7 27.Be3 Rg3 28.Qf2 Be5 29.f4 Rxe3
30.fxe5  1-0

[Event "Budapest FS08 GM"]
[Site "Budapest"]
[Date "1996.??.??"]
[Round "2"]
[White "Keitlinghaus, Ludger"]
[Black "Fogarasi, Tibor"]
[Result "1/2-1/2"]
[WhiteElo "2515"]
[BlackElo "2505"]

1.e4 c5 2.Nc3 Nc6 3.Bb5 Nd4 4.Nf3 Nxb5 5.Nxb5 a6 6.Nc3 d6 7.d4 cxd4 8.Qxd4 e5
9.Qd3 h6 10.Nd5 Nf6 11.Nxf6+ Qxf6 12.Nd2 Be6 13.Nc4 Qd8 14.Be3 b5 15.Nb6 Rb8
16.Nd5 Be7 17.Rd1 Bg5 18.Bxg5 hxg5 19.Ne3 Rb6 20.f3 g6 21.O-O Rc6 22.Rf2 O-O
23.Rfd2 b4 24.a3 Qb6 25.axb4 Qxb4 26.c3 Qc5 27.Kh1 Rb8 28.h3 a5 29.Kh2 Kg7
30.Qe2 Rcb6 31.Rb1 Rb3 32.Rf1  1/2-1/2

[Event "Budapest FS02 IM"]
[Site "Budapest"]
[Date "1996.??.??"]
[Round "4"]
[White "Czebe, Attila"]
[Black "Arnold, Johannes"]
[Result "1-0"]
[WhiteElo "2325"]
[BlackElo "2190"]

1.e4 c5 2.Nf3 Nc6 3.Nc3 d6 4.d4 cxd4 5.Nxd4 Nf6 6.Bc4 e6 7.Be3 a6 8.Qe2 Na5
9.Bd3 Qc7 10.g4 b5 11.a3 Nd7 12.g5 Ne5 13.O-O Nac4 14.f4 Nxe3 15.Qxe3 Nc4
16.Bxc4 Qxc4 17.f5 Bd7 18.Rad1 O-O-O 19.fxe6 fxe6 20.Rd3 Qc5 21.Na4 Qa7 22.Rc3+ Kb8
23.Rf7 Ka8 24.Rc7 Qxc7 25.Nxe6 Qxc2 26.Nb6+ Kb8 27.Nxd7+ Rxd7 28.Rxd7  1-0

[Event "Spring op"]
[Site "Budapest"]
[Date "1996.??.??"]
[Round "4"]
[White "Frolov, Denis"]
[Black "Muraviov, Vitaly"]
[Result "1-0"]
[WhiteElo "2340"]
[BlackElo "2305"]

1.e4 c5 2.Nf3 Nc6 3.Nc3 e5 4.Bc4 d6 5.d3 g6 6.O-O Bg7 7.Ng5 Nh6 8.f4 O-O
9.f5 Nd4 10.Ne2 Nxe2+ 11.Qxe2 gxf5 12.Qh5 Qf6 13.exf5 Bxf5  1-0

[Event "Budapest FS02 GM"]
[Site "Budapest"]
[Date "1996.??.??"]
[Round "5"]
[White "Gdanski, Jacek"]
[Black "Cao Sang"]
[Result "1-0"]
[WhiteElo "2480"]
[BlackElo "2455"]

1.e4 c5 2.Nc3 Nc6 3.Nf3 g6 4.Bb5 Bg7 5.Bxc6 dxc6 6.h3 e5 7.d3 Qd6 8.O-O Nf6
9.Nd2 Nh5 10.Nc4 Qe7 11.a4 Be6 12.b3 O-O 13.Kh2 b6 14.Rb1 Rad8 15.Be3 h6
16.Ne2 g5 17.Bd2 Nf4 18.Ne3 f5 19.exf5 Bxf5 20.Nxf5 Rxf5 21.Ng3 Rf7 22.Ne4 a5
23.g3 Ne6 24.Be3 Rdf8 25.Kg2 Nc7 26.Qg4 Qd7 27.Qxd7 Rxd7 28.Rbe1 Nd5 29.Bd2 Kh7
30.Rh1 Ne7 31.h4 gxh4 32.Rxh4 Nf5 33.Rh5 Kg6 34.Reh1 Rh8 35.g4 Nd4 36.g5 Nxc2
37.gxh6 Bf6 38.Bg5 Bd8 39.Bxd8 Rdxd8 40.Rg5+ Kf7 41.Rg7+ Kf8 42.Rb7 Nd4 43.Ng5 Rg8
44.h7 Rxg5+ 45.Kf1 Rg8 46.h8=Q  1-0

[Event "Budapest FS04 GM"]
[Site "Budapest"]
[Date "1996.??.??"]
[Round "5"]
[White "Keitlinghaus, Ludger"]
[Black "Rowson, Jonathan"]
[Result "1-0"]
[WhiteElo "2475"]
[BlackElo "2415"]

1.e4 c5 2.Nc3 Nc6 3.Bb5 Nd4 4.Nf3 Nxb5 5.Nxb5 d6 6.d4 Nf6 7.Qe2 a6 8.Nc3 cxd4
9.Nxd4 Qb6 10.Nb3 e6 11.Bg5 Bd7 12.f4 Bb5 13.Nxb5 axb5 14.Bxf6 gxf6 15.Qf2 Qc6
16.O-O Qxe4 17.Nd4 f5 18.Nxb5 Qc6 19.Nd4 Qc5 20.b4 Qb6 21.Kh1 Kd7 22.Nxe6 Qxf2
23.Nxf8+ Rhxf8 24.Rxf2 Ra4 25.c3 Rc8 26.Rf3 Ra3 27.Rc1 Rxa2 28.Rh3 Re2 29.Rd1 Ke7
30.Kg1 Rg8 31.g3 Rc8 32.Rd3 Ra8 33.Kf1 Raa2 34.Rxh7 Rxh2 35.Rxh2 Rxh2 36.Rd5 Rc2
37.Rxf5 Rxc3 38.Kf2 Rc7 39.Rb5 Kd7 40.g4 Kc6 41.Rf5 Re7 42.b5+ Kd7 43.g5 Ke6
44.Rf6+ Kd5 45.Kf3 Rd7 46.Rh6 Kc5 47.Rh7 Kxb5 48.g6 Rd8 49.Rxf7 Rg8 50.g7 Kc6
51.f5  1-0

[Event "Budapest FS03 IM"]
[Site "Budapest"]
[Date "1996.??.??"]
[Round "8"]
[White "Frolov, Denis"]
[Black "Horvath, Gabor"]
[Result "1-0"]
[WhiteElo "2340"]
[BlackElo "2275"]

1.e4 c5 2.Nf3 Nc6 3.Nc3 e5 4.Bc4 d6 5.d3 Be6 6.Nd5 b5 7.Bxb5 Bxd5 8.c4 a6
9.Ba4 Bxe4 10.dxe4 Qc7 11.O-O h6 12.b4 cxb4 13.c5 Nf6 14.Be3 O-O-O 15.Qe2 Kb7
16.cxd6 Rxd6 17.Rac1 Nxe4 18.Nxe5 Nc3 19.Rxc3 bxc3 20.Rb1+ Ka8 21.Nxc6  1-0

[Event "JUG-chT"]
[Site "Budva"]
[Date "1996.??.??"]
[Round "3"]
[White "Saric, Igor"]
[Black "Nikcevic, Nebojsa"]
[Result "1/2-1/2"]
[WhiteElo "2310"]
[BlackElo "2485"]

1.e4 c5 2.Ne2 Nc6 3.Nbc3 g6 4.g3 Bg7 5.Bg2 Rb8 6.g4 d6 7.Ng3 Nd4 8.O-O e5
9.d3 Qh4 10.f3 h5 11.g5 Ne6 12.Qe1 Ne7 13.Nge2 Qxe1 14.Rxe1 b5 15.Nd5 Nxd5
16.exd5 Nd4 17.Nxd4 cxd4 18.f4 O-O 19.Bd2 Bf5 20.Be4 Bxe4 21.Rxe4 Rfc8 22.Bb4 Rb6
23.c3 exf4 24.cxd4 Rc2 25.Rxf4 Rxb2 26.a3 Rb3 27.Raf1 Rb7 28.Bxd6 Rxd3 29.Bc5 a5
30.d6 b4 31.axb4 axb4 32.Re1 Bf8 33.Re8 Rd7 34.Bxb4 Kg7 35.Kf2 Rb3 36.Re7 Rb2+
37.Ke3 Rb3+ 38.Ke4 Bxe7 39.dxe7 Rxb4 40.e8=Q Rdxd4+ 41.Ke3 Rxf4 42.Qe5+ Kg8
43.Qxf4 Rxf4 44.Kxf4 Kf8 45.Ke4 h4 46.Kf4 Ke7 47.Ke5 Kd7 48.Kd5 Kd8 49.Kd4 h3
50.Ke4 Ke8 51.Kf4 Kd7 52.Ke5 Ke7 53.Kd5 f5 54.gxf6+ Kxf6 55.Ke4 g5 56.Kf3 Kf5
57.Kf2 Kf4  1/2-1/2

[Event "JUG-chT"]
[Site "Budva"]
[Date "1996.??.??"]
[Round "4"]
[White "Saric, Igor"]
[Black "Mukhametov, Eldar"]
[Result "0-1"]
[WhiteElo "2310"]
[BlackElo "2505"]

1.e4 c5 2.Ne2 Nc6 3.Nbc3 d6 4.g3 g6 5.Bg2 Bg7 6.d3 e5 7.O-O Nge7 8.f4 Nd4
9.h3 O-O 10.g4 exf4 11.Nxf4 Ne6 12.Nfd5 Nxd5 13.Nxd5 Nc7 14.c3 Nxd5 15.exd5 f5
16.g5 b5 17.Bf4 b4 18.Qb3 a5 19.a3 bxc3 20.bxc3 Ba6 21.Qc2 Be5 22.Bxe5 dxe5
23.Qd2 c4 24.dxc4 Qd6 25.Rfe1 Bxc4 26.Qe3 e4 27.Rad1 Rac8 28.Rd4 Rfd8 29.Red1 Bd3
30.Bf1 Bxf1 31.Kxf1 Qxa3 32.Rc1 Qc5 33.Qd2 Rd6 34.h4 Re8 35.h5 gxh5 36.Qh2 Rg6
37.d6 Rd8 38.d7 a4 39.Qa2+ Kh8 40.Rd5 Qe7 41.Rxf5 Kg7 42.Qxa4 Rxd7 43.Re1 Re6
44.c4 Kg6 45.Rf2 Rd8 46.Qa1 Rf8 47.Qb2 e3 48.Rxf8 Qxf8+ 49.Kg1 Kxg5 50.Rf1 Qd6
51.Qg2+ Kh6 52.Qf3 e2 53.Re1 Qd4+ 54.Kg2 Qg4+ 55.Qg3 Qe4+ 56.Kh2 Qxc4  0-1

[Event "Buenos Aires tt"]
[Site "Buenos Aires"]
[Date "1996.??.??"]
[Round "2"]
[White "Dolezal, Cristian"]
[Black "Sorokin, Maxim"]
[Result "1-0"]
[WhiteElo "2355"]
[BlackElo "2550"]

1.e4 c5 2.Ne2 Nc6 3.Nbc3 g6 4.g3 Bg7 5.Bg2 Rb8 6.d3 b5 7.Bf4 d6 8.Qd2 Nd4
9.O-O e5 10.Be3 Ne7 11.Rae1 O-O 12.Nc1 Be6 13.Nd1 b4 14.f4 f6 15.h3 Qd7 16.g4 exf4
17.Bxf4 Rbe8 18.Ne3 d5 19.c3 bxc3 20.bxc3 dxe4 21.cxd4 cxd4 22.Nc2 e3 23.Qb4 f5
24.Nb3 Bxb3 25.Qxb3+ Kh8 26.g5 Rc8 27.Rb1 Rc3 28.Qb7 Qe6 29.Nb4 Nc8 30.Bd5 Qe8
31.Bc6 Qe6 32.Bd7 Qb6 33.Qd5 Ne7 34.Qb5 Qxb5 35.Bxb5 a5 36.Bd6 axb4 37.Bxe7 Rfc8
38.Bxb4 Rc2 39.a4 Be5 40.a5 Bh2+ 41.Kh1 Be5 42.Bc4 Rh2+ 43.Kg1 Rxh3 44.Rb2 Rb8
45.Rfb1 Rg3+ 46.Rg2 e2 47.Rxg3 Rxb4 48.Re1 Bxg3 49.Rxe2 Rb8 50.a6 Bf4 51.Bd5 Bxg5
52.a7 Rb1+ 53.Kg2 Ra1 54.Ra2  1-0

[Event "Calcutta op"]
[Site "Calcutta"]
[Date "1996.??.??"]
[Round "9"]
[White "Al Modiahki, Mohamad"]
[Black "Konguveel, Ponnuswamy"]
[Result "0-1"]
[WhiteElo "2425"]
[BlackElo "2395"]

1.e4 c5 2.Nf3 Nc6 3.Nc3 g6 4.d4 cxd4 5.Nxd4 Bg7 6.Nde2 d6 7.g3 Bg4 8.Bg2 Bxc3+
9.bxc3 Qa5 10.O-O Nf6 11.h3 Bxe2 12.Qxe2 O-O 13.Bd2 Rac8 14.f4 Qc5+ 15.Kh2 Na5
16.e5 Nd5 17.f5 dxe5 18.fxg6 hxg6 19.Bh6 Rfd8 20.Qxe5 Qxc3 21.Qg5 Nf6 22.Rae1 Rc5
23.Re3 Qxc2 24.Re5 Rxe5 25.Qxe5 Nc6 26.Qc7 Qb2 27.Kh1 Nd5 28.Bxd5 Rxd5 29.Qc8+ Rd8
30.Qg4 Qxa2 31.h4 Ne5 32.Qf4 Qc4  0-1

[Event "Cannes Martinez op"]
[Site "Cannes"]
[Date "1996.??.??"]
[Round "1"]
[White "Sighirdjian, Eric Michael"]
[Black "Maze, Sebastien"]
[Result "1/2-1/2"]
[WhiteElo "2220"]
[BlackElo "1980"]

1.e4 c5 2.Nf3 Nc6 3.Nc3 g6 4.d4 cxd4 5.Nxd4 Bg7 6.Be3 Nf6 7.Nxc6 bxc6 8.e5 Ng8
9.Bd4 Nh6 10.e6 O-O 11.exd7 Qxd7 12.Bxg7 Kxg7 13.Qxd7 Bxd7 14.O-O-O Be6 15.Be2 Rfd8
16.Bf3 Ng4 17.Bxc6 Nxf2 18.Bxa8 Rxa8 19.Rhe1 Nxd1 20.Rxd1 Rc8 21.Nd5 Bxd5
22.Rxd5 Rc7 23.Kd2 f5 24.Kd3 Kf6 25.c4 e5 26.b4 Ke6 27.a4 Rd7 28.Rxd7 Kxd7
29.c5 e4+ 30.Kd4 a6 31.b5 axb5 32.axb5 h5 33.g3 Kc7 34.h3 Kd7 35.Ke3 Ke7
36.Kf4 g5+ 37.Ke3 h4 38.gxh4 gxh4 39.Kf4 Kd7  1/2-1/2

[Event "Cannes Martinez op"]
[Site "Cannes"]
[Date "1996.??.??"]
[Round "2"]
[White "Mitkov, Nikola"]
[Black "Azadharf, Farrokh"]
[Result "1-0"]
[WhiteElo "2470"]
[BlackElo "2235"]

1.e4 c5 2.Nc3 Nc6 3.Nf3 d6 4.d4 cxd4 5.Nxd4 e6 6.Be3 a6 7.Bc4 Qc7 8.Bb3 Nf6
9.f4 Be7 10.Qf3 Bd7 11.O-O-O Rc8 12.g4 Nxd4 13.Rxd4 Bc6 14.f5 e5 15.Rdd1 h6
16.h4 h5 17.g5 Ng4 18.Rhg1 b5 19.Rg2 a5 20.g6 f6 21.Kb1 a4 22.Bf7+ Kf8 23.Bd5 a3
24.b3 Bd7 25.Rd3 b4 26.Nd1 Bb5 27.Rdd2 Bd8 28.Bg1 Qb8 29.Be6 Rc6 30.Bd7 Qb7
31.Bxc6 Qxc6 32.Rd5 Bb6 33.Rgd2 Ke7 34.Rxd6 Qxd6 35.Rxd6 Kxd6  1-0

[Event "Cannes Martinez op"]
[Site "Cannes"]
[Date "1996.??.??"]
[Round "3"]
[White "Colovic, Aleksandar"]
[Black "Etchegaray, Malina"]
[Result "1-0"]
[WhiteElo "2285"]
[BlackElo "2160"]

1.e4 c5 2.Nf3 Nc6 3.Nc3 g6 4.d4 cxd4 5.Nxd4 Bg7 6.Be3 Nf6 7.Bc4 O-O 8.Bb3 a5
9.a4 Ng4 10.Qxg4 Nxd4 11.Qh4 Nxb3 12.cxb3 Ra6 13.O-O Re6 14.Rfd1 b6 15.Bd4 Bb7
16.Rac1 d6 17.Nd5 Bxd4 18.Rxd4 Bxd5 19.exd5 Re2 20.Qh6 f5 21.Rh4 Rf7 22.Rhc4 Rf8
23.Kf1 Re5 24.Qd2 Qa8 25.Rc6 f4 26.Qd4 Qa6+ 27.R1c4 Qa7 28.Rc7 Qa6 29.f3 Qa8
30.R4c6 Qa6+ 31.Qc4 Qxc4+ 32.bxc4 Rb8 33.Rc8+  1-0

[Event "Cannes op"]
[Site "Cannes"]
[Date "1996.??.??"]
[Round "3"]
[White "Hamdouchi, Hichem"]
[Black "Pavasovic, Dusko"]
[Result "0-1"]
[WhiteElo "2535"]
[BlackElo "2425"]

1.e4 c5 2.Nc3 Nc6 3.Nge2 d6 4.d4 cxd4 5.Nxd4 Nf6 6.g3 g6 7.Nde2 Rb8 8.a4 Bd7
9.Bg2 Qc8 10.h3 Bg7 11.Be3 O-O 12.g4 a5 13.Qd2 Nb4 14.O-O h5 15.f3 Be6 16.Bd4 hxg4
17.hxg4 Bc4 18.Rf2 Qc6 19.Ng3 e5 20.Be3 d5 21.Bh6 dxe4 22.Bxg7 Kxg7 23.Qg5 Qe6
24.Nf5+ Kg8 25.Ne3 Kg7 26.Nxc4 Qxc4 27.fxe4 Qe6 28.Raf1 Nh7 29.Qh4 f6 30.Nd5 Nxd5
31.exd5 Qb6 32.b3 Rbc8 33.c4 Qxb3 34.d6 Ng5 35.d7 Rcd8 36.Rd2 e4 37.Rd6 Qxc4
38.Qf2 Qxa4 39.Qb2 Qb4 40.Qxb4 axb4 41.Rfd1 Rf7 42.Bf1 Nf3+ 43.Kf2 Ne5 44.Bb5 Nxg4+
45.Ke2 Ne5 46.Rb6  0-1

[Event "Cannes Martinez op"]
[Site "Cannes"]
[Date "1996.??.??"]
[Round "6"]
[White "Mitkov, Nikola"]
[Black "Cebalo, Miso"]
[Result "1/2-1/2"]
[WhiteElo "2470"]
[BlackElo "2515"]

1.e4 c5 2.Nc3 Nc6 3.Nf3 g6 4.d4 cxd4 5.Nxd4 Bg7 6.Be3 Nf6 7.Bc4 O-O 8.Bb3 a5
9.f3 d5 10.Bxd5 Nxd5 11.Nxd5 f5 12.Nxc6 bxc6 13.Nb6 Rb8 14.Qxd8 Rxd8 15.Rd1 Rxd1+
16.Kxd1 Bxb2 17.Nxc8 Rxc8 18.exf5 gxf5 19.Ke2 Ba3 20.Rb1 Bb4 21.g4 Kf7 22.Rg1 Rg8
23.a4 Bd6 24.gxf5 Rxg1 25.Bxg1 Kf6 26.Bb6 Bxh2 27.Bxa5 Kxf5 28.Bb6 Ke6 29.a5 Kd7
30.a6 Kc8 31.Kd3 e6 32.Ke4 Bd6 33.f4 h5 34.Bd4 Kb8 35.Bb6 Ka8 36.Bf2 c5 37.f5 exf5+
38.Kxf5 Ka7  1/2-1/2

[Event "Cannes op"]
[Site "Cannes"]
[Date "1996.??.??"]
[Round "9"]
[White "David, Alberto"]
[Black "Zelcic, Robert"]
[Result "1-0"]
[WhiteElo "2455"]
[BlackElo "2495"]

1.e4 c5 2.Nf3 Nc6 3.Nc3 Nf6 4.d4 cxd4 5.Nxd4 d6 6.Bc4 e6 7.Be3 Be7 8.O-O O-O
9.Bb3 Qc7 10.f4 Nxd4 11.Bxd4 b5 12.e5 dxe5 13.fxe5 Nd7 14.Nxb5 Qc6 15.Nd6 Ba6
16.Rf2 Rad8 17.Qg4 Nc5 18.h4 g6 19.h5 Bxd6 20.exd6 Rxd6 21.hxg6 fxg6 22.Rxf8+ Kxf8
23.Qg5 Nxb3 24.axb3 Ke8 25.Bc5 Rd7 26.b4 Bb7 27.Rf1 Rd6 28.Bxd6 Qxd6 29.Qc5 Qxc5+
30.bxc5 a6 31.Rf4 Bc6 32.Rb4 a5 33.Rb6 Kd7 34.Ra6  1-0

[Event "Cappelle op"]
[Site "Cappelle la Grande "]
[Date "1996.??.??"]
[Round "1"]
[White "Votava, Jan"]
[Black "Bielczyk, Jacek"]
[Result "1-0"]
[WhiteElo "2540"]
[BlackElo "2360"]

1.e4 c5 2.Nf3 Nc6 3.Nc3 d6 4.Bb5 Bd7 5.Bxc6 Bxc6 6.d4 cxd4 7.Qxd4 Nf6 8.Bg5 e6
9.O-O-O Be7 10.Qd3 O-O 11.Nd4 Qc7 12.f4 Rac8 13.h4 Rfd8 14.Kb1 a6 15.f5 e5
16.Bxf6 Bxf6 17.Nf3 b5 18.Qe2 Qb6 19.g4 b4 20.Nd5 Bxd5 21.Rxd5 Rc3 22.Re1 Rdc8
23.Rd2 Qc5 24.g5 Bd8 25.h5 h6 26.gxh6 gxh6 27.Qd1 Be7 28.Rg2+ Kf8 29.bxc3 bxc3
30.Qd5 Rb8+ 31.Kc1 Qb4 32.Qb3  1-0

[Event "Cappelle op"]
[Site "Cappelle la Grande "]
[Date "1996.??.??"]
[Round "2"]
[White "Gipslis, Aivars"]
[Black "Braune, Stefan"]
[Result "1-0"]
[WhiteElo "2465"]
[BlackElo "2300"]

1.e4 c5 2.Nf3 Nc6 3.Nc3 e6 4.Bb5 Nge7 5.O-O a6 6.Bxc6 Nxc6 7.d4 cxd4 8.Nxd4 d6
9.Re1 Be7 10.Nxc6 bxc6 11.Qg4 g6 12.e5 d5 13.Bh6 Rg8 14.a3 c5 15.Ne2 Rb8
16.b3 Qa5 17.h4 Bd7 18.Qg3 Bb5 19.Nf4 Qd8 20.Bg5 Bc6 21.Bxe7 Kxe7 22.Nd3 g5
23.Nxc5 gxh4 24.Qxh4+ Ke8 25.Qxd8+ Rxd8 26.f3 a5 27.Kf2 Ke7 28.Rh1 d4 29.Rh5 Rd5
30.Ne4 Rb8 31.Rd1 d3 32.c4 Rdd8 33.Nd2 Rg8 34.Rdh1 Rg6 35.Rxh7 Rbg8 36.R1h2 Rg5
37.R7h5 R5g6 38.g4 Rd8 39.Ke3 Rgg8 40.Rh1 Bb7 41.Rc1  1-0

[Event "Cappelle op"]
[Site "Cappelle la Grande "]
[Date "1996.??.??"]
[Round "4"]
[White "Riemersma, Liafbern"]
[Black "Belikov, Vladimir"]
[Result "1-0"]
[WhiteElo "2390"]
[BlackElo "2500"]

1.e4 c5 2.Nf3 Nc6 3.Nc3 d6 4.d4 cxd4 5.Nxd4 Nf6 6.Bc4 Qb6 7.Nde2 e6 8.O-O Be7
9.a3 Bd7 10.Ba2 a6 11.Kh1 Ne5 12.Qe1 Bc6 13.Nd4 Nxe4 14.Nxc6 Nxc3 15.Nxe5 Nxa2
16.Be3 Qxb2 17.Nc4 Qxc2 18.Nb6 Rd8 19.f4 Bf6 20.Rf2 Qe4 21.Raxa2 Bh4 22.Rae2 Bxf2
23.Bxf2 Qg6 24.Bh4 Rb8 25.h3 h6 26.Qb4 Qd3 27.Rd2 Qf1+ 28.Kh2 O-O 29.Nd7 d5
30.Nxf8 Rxf8 31.Rf2 Qd1 32.Qxb7 Qc1 33.Qxa6 Rb8 34.Rf1 Qc2 35.Rf2 Qc1 36.Rf1 Qc2
37.f5 exf5 38.Qd6 Re8 39.Qxd5 Qa4  1-0

[Event "Cappelle op"]
[Site "Cappelle la Grande "]
[Date "1996.??.??"]
[Round "6"]
[White "Eismont, Oleg"]
[Black "Sherbakov, Ruslan"]
[Result "1/2-1/2"]
[WhiteElo "2460"]
[BlackElo "2565"]

1.e4 c5 2.Nc3 Nc6 3.Nf3 d6 4.d4 cxd4 5.Nxd4 Nf6 6.Be3 e5 7.Nf3 Be7 8.Bc4 O-O
9.O-O Be6 10.Bb3 Na5 11.Qe2 Qc8 12.Bg5 Nc4 13.Rab1 Rb8 14.Bxf6 Bxf6 15.Qd3 b5
16.Nd5 Bd8 17.Nd2 Na5 18.c3 Nxb3 19.axb3 a5 20.Rbd1 Rb7 21.b4 axb4 22.Nxb4 Qc5
23.Ra1 Bb6 24.Kh1 g6 25.Na6 Qc6 26.Nb4 Qc5 27.Na6 Qc6 28.Nb4 Qc5  1/2-1/2

[Event "WLS-ch"]
[Site "Cardiff"]
[Date "1996.??.??"]
[Round "2"]
[White "Zeidler, Sven P"]
[Black "Rayner, Francis"]
[Result "1/2-1/2"]
[WhiteElo "2345"]
[BlackElo "2150"]

1.e4 c5 2.Nc3 Nc6 3.Bb5 g6 4.Bxc6 dxc6 5.f4 Bg7 6.Nf3 b6 7.d3 c4 8.d4 Bg4
9.Be3 Bxf3 10.Qxf3 Bxd4 11.O-O-O Bxe3+ 12.Qxe3 Qc7 13.Qd4 Qxf4+ 14.Kb1 Nf6
15.Qxc4 O-O 16.Qxc6 Rac8 17.Qa4 Rxc3 18.bxc3 Nxe4 19.Kb2 Qe5 20.Qc4 Nd6 21.Qd5 Qf4
22.g3 Qa4 23.Rd4 Qd7 24.Re1 Rc8 25.Rf1 Qc7 26.Qf3 Nc4+  1/2-1/2

[Event "WLS-ch"]
[Site "Cardiff"]
[Date "1996.??.??"]
[Round "4"]
[White "Zeidler, Sven P"]
[Black "Williams, Leighton"]
[Result "1/2-1/2"]
[WhiteElo "2345"]
[BlackElo "2120"]

1.e4 c5 2.Nc3 Nc6 3.Bb5 Nd4 4.Bc4 e6 5.Nge2 g6 6.O-O Bg7 7.d3 Ne7 8.Bg5 a6
9.Nxd4 cxd4 10.Ne2 h6 11.Bh4 O-O 12.a4 f5 13.exf5 g5 14.Bg3 Nxf5 15.c3 Qb6
16.Qd2 Kh8 17.a5 Qc5 18.Kh1 b5 19.axb6 Bb7 20.cxd4 Qxb6 21.f3 Nxg3+ 22.hxg3 Rac8
23.g4 d5 24.Ba2 Bxd4 25.Nxd4 Qxd4 26.Rac1 e5 27.Rxc8 Rxc8 28.Rc1 Rc5 29.Rc3 a5
30.Qc2 Rxc3 31.bxc3 Qe3 32.Qb1 Qf2 33.Qxb7 Qe1+  1/2-1/2